| 000 | 00924nam a2200253 i 4500 | ||
|---|---|---|---|
| 001 | 184126 | ||
| 003 | ES-MaACL | ||
| 005 | 20250809095023.0 | ||
| 008 | 150323s1970 sp | |||||||| |dspa d | ||
| 080 | _a821.134.2-22"17" | ||
| 100 | 1 |
_aFernández de Moratín, Leandro, _d1760-1828 _949695 |
|
| 245 | 1 | 3 |
_aEl viejo y la niña ; _bEl sí de las niñas / _cLeandro Fernández de Moratín ; edición, prólogo y notas de Fernando Lázaro Carreter. |
| 246 | 3 | 4 |
_aTeatro completo. _n1 |
| 260 |
_aBarcelona : _bLabor, _c1970. |
||
| 300 |
_a358 p. ; _c18 cm. |
||
| 490 | 1 |
_aTextos hispánicos modernos ; _v2 |
|
| 504 | _aBibliografía: p. 37-40. | ||
| 597 | _aEn contracub.: retr. del autor. | ||
| 700 | 1 |
_aLázaro Carreter, Fernando, _d1923-2004 _970798 |
|
| 740 | 3 | 2 | _aEl sí de las niñas. |
| 830 | 0 |
_aTextos hispánicos modernos ; _v2 _9181506 |
|
| 852 |
_aES-MaACL _jE-15511 |
||
| 999 |
_c184126 _d184126 |
||